A hand-book to the flora of Ceylon : containing descriptions of all teh species of flowering plants indigenous to the island and notes on their history, distribution and uses (Record no. 584260)

MARC details
000 -LEADER
fixed length control field 00825nam a2200145Ia 4500
008 - FIXED-LENGTH DATA ELEMENTS--GENERAL INFORMATION
fixed length control field 100415s9999 xx 000 0 und d
082 ## - DEWEY DECIMAL CLASSIFICATION NUMBER
Item number 1202
Classification number 580(548)
100 ## - MAIN ENTRY--PERSONAL NAME
Personal name Trimen Henry
245 ## - TITLE STATEMENT
Title A hand-book to the flora of Ceylon : containing descriptions of all teh species of flowering plants indigenous to the island and notes on their history, distribution and uses
260 ## - PUBLICATION, DISTRIBUTION, ETC. (IMPRINT)
Place of publication, distribution, etc LONDON
Date of publication, distribution, etc 1895
Name of publisher, distributor, etc DULAU & CO,
365 ## - TRADE PRICE
Price amount 0
630 ## - SUBJECT ADDED ENTRY--UNIFORM TITLE
Uniform title A hand-book to the flora of Ceylon : containing descriptions of all teh species of flowering plants indigenous to the island and notes on their history, distribution and uses
730 ## - ADDED ENTRY--UNIFORM TITLE
Uniform title A hand-book to the flora of Ceylon : containing descriptions of all teh species of flowering plants indigenous to the island and notes on their history, distribution and uses
942 ## - ADDED ENTRY ELEMENTS (KOHA)
Koha item type Book
Holdings
Withdrawn status Lost status Damaged status Not for loan Home library Current library Date acquired Cost, normal purchase price Total Checkouts Full call number Barcode Date last seen Price effective from Koha item type
        Bombay Natural History Society Bombay Natural History Society 10/11/1996 0.00   580(548) 1202 BNHS-1202 04/15/2010 04/15/2010 Book